[Event "JPN-ch 52nd"]
[Site "Tokyo"]
[Date "2019.05.01"]
[Round "5"]
[White "Otawa, Yuto"]
[Black "Hirao, Satoshi"]
[Result "0-1"]
[WhiteElo "2161"]
[BlackElo "1921"]
[PlyCount "62"]
[EventDate "2019.04.29"]
[EventType "swiss"]
[EventRounds "10"]
[EventCountry "JPN"]
[SourceTitle "CBM 190 Extra"]
[Source "ChessBase"]
[SourceDate "2019.07.15"]
[SourceVersion "1"]
[SourceVersionDate "2019.07.15"]
[SourceQuality "1"]

1. d4 Nf6 2. c4 e6 3. Nc3 Bb4 4. e3 0-0 5. Nge2 Re8 6. a3 Bf8 7. Nf4 d6 8. Be2 Nbd7 9. 0-0 e5 10. Nd3 c6 11. b4 a5 12. Rb1 Nb6 13. c5 Nbd5 14. Nxd5 Nxd5 15. Qc2 exd4 16. exd4 Qf6 17. Bf3 Qxd4 18. Bb2 Qh4 19. Bxd5 cxd5 20. c6 bxc6 21. Qxc6 Bf5 22. Qxd5 Be4 23. Qd4 Qg5 24. f3 Bc6 25. Rbe1 axb4 26. axb4 Rxe1 27. Rxe1 Bxf3 28. Qf2 Bc6 29. Re3 Re8 30. Rg3 Qh5 31. Nf4 Qd1+ 0-1

[Event "JPN-ch 52nd"]
[Site "Tokyo"]
[Date "2019.04.29"]
[Round "2"]
[White "Hirao, Satoshi"]
[Black "Kobayashi, Atsuhiko"]
[Result "0-1"]
[WhiteElo "1921"]
[BlackElo "2080"]
[PlyCount "76"]
[EventDate "2019.04.29"]
[EventType "swiss"]
[EventRounds "10"]
[EventCountry "JPN"]
[SourceTitle "CBM 190 Extra"]
[Source "ChessBase"]
[SourceDate "2019.07.15"]
[SourceVersion "1"]
[SourceVersionDate "2019.07.15"]
[SourceQuality "1"]

1. e4 e5 2. Nf3 Nc6 3. Bc4 Nf6 4. d3 Bc5 5. c3 d6 6. Nbd2 a6 7. Bb3 Ba7 8. 0-0 0-0 9. h3 h6 10. Re1 Nh5 11. Nf1 Qf6 12. Be3 Nf4 13. Bxa7 Rxa7 14. Ne3 Na5 15. Bc2 c5 16. Nd5 Nxd5 17. exd5 b5 18. a3 Bf5 19. b4 Nb7 20. d4 exd4 21. cxd4 c4 22. a4 Raa8 23. Ra3 a5 24. axb5 axb4 25. Ra6 Rfc8 26. Qa1 Rab8 27. Qb1 Bxc2 28. Qxc2 b3 29. Qc3 Qf5 30. Rc1 Qxd5 31. Qb4 Nd8 32. Rxd6 Qxb5 33. Qe1 b2 34. Rb1 c3 35. Rxd8+ Rxd8 36. Qxc3 Rdc8 37. Qd2 Qb4 38. Kf1 Qc4+ 0-1